La utopía tupamarista / (Record no. 1555)

000 -CABECERA
fixed length control field 01166nam a22002297a 4500
003 - IDENTIFICADOR DEL NÚMERO DE CONTROL
control field AR-CdUCM
008 - DATOS DE LONGITUD FIJA--INFORMACIÓN GENERAL
fixed length control field 190227b ||||| |||| 00| 0 spa d
020 ## - NÚMERO INTERNACIONAL ESTÁNDAR DEL LIBRO
ISBN 8489292272
040 ## - FUENTE DE LA CATALOGACIÓN
Agencia/entidad que catalogó originalmente la obra MUNICIPALIDAD PROVINCIAL DEL CUSCO
Entidad que transcribió la catalogación BIBLIOTECA MUNICIPAL DEL CUSCO
082 ## - NÚMERO DE LA CLASIFICACIÓN DECIMAL DEWEY
No. de Clasificación 985.0331 /
Notacion interna SZ99
100 ## - ENTRADA PRINCIPAL--NOMBRE DE PERSONA
Nombre Personal Szeminski, Jan
245 ## - MENCIÓN DE TÍTULO
Título La utopía tupamarista /
260 ## - PUBLICACIÓN, DISTRIBUCIÓN, ETC.
Lugar de publicación, distribución, etc. Lima :
Nombre de la editorial, distribuidor, etc. Pontificia Universidad Católica del Perú, Fondo Editorial,
Fecha de publicación, distribución, etc. 1984.
300 ## - DESCRIPCIÓN FÍSICA
Nº de Páginas Extensión 297 páginas ;
Dimensiones 20 cm.
Otros detalles físicos Diagrámas.
505 ## - NOTA DE CONTENIDO CON FORMATO
Nota de contenido formateada Contenido: Pensando en español -- Sobre el significado de algunos términos empleados en los documentos -- Sobre la comprensión de la independencia -- Runa simiwan Yuyasqa -- Sobre el tiempo-espacio en el Tawantinsuyu -- Sobre las existencia de formas que continuaron la organización social incaica y la concepción de tiempo-espacio en la época de la revolución tupamarista ..
650 ## - PUNTO DE ACCESO ADICIONAL DE MATERIA--TÉRMINO DE MATERIA
Descriptor Historia - Perú
9 (RLIN) 4248
650 ## - PUNTO DE ACCESO ADICIONAL DE MATERIA--TÉRMINO DE MATERIA
Descriptor Túpac Amaru, José Gabriel - Revolución
9 (RLIN) 5841
650 ## - PUNTO DE ACCESO ADICIONAL DE MATERIA--TÉRMINO DE MATERIA
Descriptor Indígenas del Perú - vida y costumbres
9 (RLIN) 5842
650 ## - PUNTO DE ACCESO ADICIONAL DE MATERIA--TÉRMINO DE MATERIA
Descriptor Siglo XVIII - Perú
9 (RLIN) 5843
942 ## - ELEMENTOS DE PUNTO DE ACCESO ADICIONAL (KOHA)
Fuente de clasificación
Tipo de item Libros-BMC
945 ## - PROCESAMIENTO DE INFORMACIÓN LOCAL (OCLC)
Catalogador lccs
AAAA-MM-DD - Fecha de ingreso o modificacion 2019-02-27
Holdings
Estado de retiro (separado) Fuente de clasificación o esquema de estanterías Estado dañado Ubicación Sala donde se ubica Nombre de la colección Fecha de adquisición o compra Costo, precio normal en soles Signatura topográfica Código de Barras Última vez visto (Koha) Tipo de ítem (Koha)
No     Sala Humanidades Sala Humanidades Book Cart 2019-02-27 20.00 985.0331 / SZ99 SH0000001815 2019-02-27 Libros-BMC

Powered by Koha